000 00398nam a2200121Ia 4500
008 220216s9999 xx 000 0 und d
100 _aMukhopadhyay S
245 0 _aSelf-vulcanizable rubber blends based on epoxidized natural rubber and chlorosulphonated polyethylene - rheological behaviour
260 _bKautschuk Gummi Kunststoffe
_c1999
300 _a80-90
700 _aGupta B R
942 _cJS
999 _c68596
_d68596